|
|
|
|
| LEADER |
01328nam a2200337 i 4500 |
| 001 |
c000052438 |
| 003 |
CARM |
| 005 |
00000000000000.0 |
| 008 |
740803r19741973enkach 00110aeng d |
| 015 |
|
|
|a B7418631
|
| 019 |
1 |
|
|a 3569135
|z 55013780
|5 LACONCORD2021
|
| 020 |
|
|
|a 0859690210 :
|c L.6.50
|
| 020 |
|
|
|a 0859690644 (Pbk) :
|c L.3.95
|
| 035 |
|
|
|a (OCoLC)3744580
|5 LACONCORD2021
|
| 043 |
|
|
|a a------
|
| 050 |
0 |
0 |
|a BL1032
|
| 100 |
1 |
|
|a Merton, Thomas,
|d 1915-1968.
|
| 245 |
1 |
4 |
|a The Asian journal of Thomas Merton /
|c edited from his original notebooks by Naomi Burton, Patrick Hart and James Laughlin ; consulting editor, Amiya Chakravarty.
|
| 260 |
|
|
|a London :
|b Sheldon Press,
|c 1974.
|
| 300 |
|
|
|a xxix, 445 p. :
|b ill., facsims, ports ;
|c 24cm.
|
| 500 |
|
|
|a Religious life. Asia (BNB/PRECIS)
|
| 500 |
|
|
|a Originally published: New York : New Directions, 1973.
|
| 504 |
|
|
|a Bibliography: p.357-361. - Includes index.
|
| 651 |
|
0 |
|a Asia
|x Religion.
|
| 700 |
1 |
|
|a Burton, Naomi.
|
| 700 |
1 |
|
|a Hart, Patrick.
|
| 700 |
1 |
|
|a Laughlin, James,
|d 1914-
|
| 852 |
8 |
|
|b CARM
|h A2:AG07C0
|i B01982
|p 0084866
|f BK
|
| 082 |
0 |
4 |
|a 291.4/095
|2 18
|
| 999 |
f |
f |
|i 7f58a17d-5cbf-517f-b586-16907b09cef8
|s c702dd61-074d-52a8-878e-3a5e4048063d
|
| 952 |
f |
f |
|p Can circulate
|a CAVAL
|b CAVAL
|c CAVAL
|d CARM 1 Store
|e B01982
|f A2:AG07C0
|h Other scheme
|i book
|m 0084866
|